000 01055namaa22002891i 4500
005 20260406131418.0
008 260303s1994 ua a|||frm||| 000 0 eng d
040 _aEG-GICUC
_beng
_cEG-GICUC
_dEG-GICUC
_erda
041 0 _aeng
_beng
_bara
049 _aDeposit
097 _aPh.D
099 _aCai01.02.12.Ph.D.1994.So.U
100 0 _aSoha Raafat Ibrahim,
_epreparation.
245 1 0 _aThe use of folklore and history in the novels of toni morrison /
_b
_cBy Soha Raafat Ibrahim ; Supervised Prof. Amin Al-Ayouty
264 0 _c1994.
300 _a224 Leaves :
_billustrations
_c30 cm. +
336 _2rda content
_atext
337 _2rdamedia
_aUnmediated
338 _2rdacarrier
_avolume
502 _aThesis (Ph.D)-Cairo University, 1994.
504 _aBibliography: pages 214-224
653 0 _atoni morrison
_aThe use of folklore and history
700 0 _aAmin Al-Ayouty
_ethesis advisor.
900 _DDepartment of English
_FFaculty of Arts
_UCairo University
_b1994
_cAmin Al-Ayouty
905 _aNehad
_eNourhan
942 _2ddc
_cTH
_e21
_n0
999 _c178841